Mujeres, raza y clase

Uloženo v:
Podrobná bibliografie
Hlavní autor: Davis, Angela Y (Autor)
Médium: Kniha
Jazyk:španělština
Vydáno: Madrid Akal 2016
Vydání:3a. ed
Edice:Cuestiones de Antagonismo, 30
Témata:
Tagy: Přidat tag
Žádné tagy, Buďte první, kdo vytvoří štítek k tomuto záznamu!

MARC

LEADER 00000cam a2200000 a 4500
001 UCC5944
003 CL-VaPUC
008 181109e20160000sp |||||||||||||||||spa|d
020 |a 9788446020936 
082 0 4 |a 305.42  |b DAV  |2 21 
100 0 |a Davis, Angela Y  |e author  |9 600383 
245 1 0 |a Mujeres, raza y clase 
250 |a 3a. ed 
300 |a 239 p 
942 |c BK 
945 |d 20181109 15:19:00  |a dcastane 
260 |a Madrid  |b Akal  |c 2016 
650 0 |a Feminismo  |9 259085 
650 0 |a Racismo  |9 255805 
583 |a last modification  |c 20181109 15:19:00  |k Rodrigo Vera 
490 0 |a Cuestiones de Antagonismo, 30 
999 |c 373047  |d 373045 
952 |0 0  |1 0  |3 erb  |4 0  |6 305_420000000000000_DAV_2016  |7 0  |8 A  |9 490962  |a BIBCUR  |b BIBCUR  |i 5511712  |l 1  |m 1  |o 305.42 DAV 2016  |p 5511712  |r 2025-04-22  |s 2024-11-25  |w 2019-11-24  |y BK  |z Catalogado en:20181109  |k PER